コンテンツを見る

Учебно-методическое пособие по выполнению курсовой работы по агрохимии (для студентов бакалавриата по направлению подготовки Агрохимия и агропочвоведение, профиль Агроэкология)

Учебно-методическое пособие по выполнению курсовой работы по агрохимии (для студентов бакалавриата по направлению подготовки Агрохимия и агропочвоведение, профиль Агроэкология)...

詳細記述

保存先:
書誌詳細
第一著者: Кузнецова Л. А.
その他の著者: Кондрашин Б. С.
フォーマット: Книга
言語:Russian
出版事項: Орел ОрелГАУ 2016
オンライン・アクセス:https://e.lanbook.com/book/106941
https://e.lanbook.com/img/cover/book/106941.jpg
タグ: タグ追加
タグなし, このレコードへの初めてのタグを付けませんか!
LEADER 01536nam0a2200241 i 4500
001 106941
003 RuSpLAN
005 20221220174013.0
008 221220s2016 ru gs 000 0 rus
040 |a RuSpLAN 
041 0 |a rus 
044 |a ru 
245 0 0 |a Учебно-методическое пособие по выполнению курсовой работы по агрохимии (для студентов бакалавриата по направлению подготовки Агрохимия и агропочвоведение, профиль Агроэкология)  |c Кузнецова Л. А.,Кондрашин Б. С. 
260 |a Орел  |b ОрелГАУ  |c 2016 
300 |a 64 с. 
504 |a Библиогр.: доступна в карточке книги, на сайте ЭБС Лань 
520 8 |a Учебно-методическое пособие по выполнению курсовой работы по агрохимии (для студентов бакалавриата по направлению подготовки Агрохимия и агропочвоведение, профиль Агроэкология) 
521 8 |a Книга из коллекции ОрелГАУ - Ветеринария и сельское хозяйство 
100 1 |a Кузнецова Л. А. 
700 1 |a Кондрашин Б. С. 
856 4 |u https://e.lanbook.com/book/106941 
856 4 8 |u https://e.lanbook.com/img/cover/book/106941.jpg 
953 |a https://e.lanbook.com/img/cover/book/106941.jpg